| 000 -ლიდერი |
| ფიქსირებული სიგრძის საკონტროლო ველი |
01743nam a2200301Ia 4500 |
| 001 - საკონტროლო ნომერი |
| საკონტროლო ველი |
20860 |
| 003 - საკონტროლო ნომრის იდენტიფიკატორი |
| საკონტროლო ველი |
GE_BSU |
| 005 - ბოლო ოპერაციის თარიღი და დრო |
| საკონტროლო ველი |
20210519173744.0 |
| 008 - ფიქსირებული სიგრძის მონაცემთა ელემენტები - ზოგადი ინფორმაცია |
| ფიქსირებული სიგრძის საკონტროლო ველი |
181216s ||||ge |||||||||||||| ||geo|| |
| 020 ## - წიგნის საერთაშორისო სტანდარტული ნომერი |
| International Standard Book Number |
9789941451469077 |
| 040 ## - კატალოგიზაციის წყარო |
| Transcribing agency |
GE_BSU |
| 041 ## - ენის კოდი |
| Language code of text/sound track or separate title |
geo |
| 080 ## - უნივერსალური ათობითი კლასიფიკაციის ინდექსი |
| Universal Decimal Classification number |
159.923+616.85 პ-17 |
| 245 ## - ცნობა სათაურის შესახებ |
| Title |
პანიკური შეტევები : |
| Remainder of title |
გეშტალტთერაპია და კლინიკურ-სოციალური კონტექსტები / |
| Statement of responsibility, etc |
ჯანი ფრანჩესეტი, მარგარიტა სპანიოლო ლობი, ჯოვანი სალონია ;მთარგმნელი: თამარა ბრინჩი ; რედაქტორები : თეა გოგოტიშვილი, მურმან თავდიშვილი. |
| 264 ## - წარმოების, გამოცემის, დისტრიბუციის და სხვა ცნობები |
| გამოცემის, წარმოების, დისტრიბუციის... ადგილი |
თბილისი : |
| გამოცემის, წარმოების, დისტრიბუციის... სახელწოდება |
საუნჯე, |
| გამოცემის, წარმოების, დისტრიბუციის... თარიღი |
2016. |
| 300 ## - ფიზიკური აღწერა |
| Extent |
291 გვ. ; |
| Dimensions |
21 სმ. |
| 653 ## - INDEX TERM--UNCONTROLLED |
| Uncontrolled term |
მედიცინა |
| 653 ## - INDEX TERM--UNCONTROLLED |
| Uncontrolled term |
ფსიქოლოგია |
| 653 ## - INDEX TERM--UNCONTROLLED |
| Uncontrolled term |
ფსიქოთერაპია |
| 700 ## - ADDED ENTRY--PERSONAL NAME |
| Personal name |
ფრანჩესეტი, ჯანი |
| Relator term |
ავტორი |
| 9 (RLIN) |
11853 |
| 700 ## - ADDED ENTRY--PERSONAL NAME |
| Personal name |
სპანიოლო ლობი, მარგარიტა |
| Relator term |
ავტორი |
| 9 (RLIN) |
11854 |
| 700 ## - ADDED ENTRY--PERSONAL NAME |
| Personal name |
სალონია, ჯოვანი |
| Relator term |
ავტორი |
| 9 (RLIN) |
11855 |
| 700 ## - ADDED ENTRY--PERSONAL NAME |
| Personal name |
ბრინჩი, თამარა |
| Relator term |
მთარგმნელი |
| 9 (RLIN) |
11856 |
| 700 ## - ADDED ENTRY--PERSONAL NAME |
| Personal name |
გოგოტიშვილი, თეა |
| Relator term |
რედაქტორი |
| 9 (RLIN) |
11857 |
| 700 ## - ADDED ENTRY--PERSONAL NAME |
| Personal name |
თავდიშვილი, მურმან |
| Relator term |
რედაქტორი |
| 9 (RLIN) |
11858 |
| 942 ## - ADDED ENTRY ELEMENTS (KOHA) |
| Koha item type |
წიგნი |
| Source of classification or shelving scheme |
|